<?xml version="1.0" encoding="UTF-8"?>
<record
    xmlns:xsi="http://www.w3.org/2001/XMLSchema-instance"
    xsi:schemaLocation="http://www.loc.gov/MARC21/slim http://www.loc.gov/standards/marcxml/schema/MARC21slim.xsd"
    xmlns="http://www.loc.gov/MARC21/slim">

  <leader>00980nam a22002657a 4500</leader>
  <controlfield tag="005">20240530110437.0</controlfield>
  <controlfield tag="008">150216s2011    ua o   g      000 0 ara d</controlfield>
  <datafield tag="017" ind1=" " ind2=" ">
    <subfield code="a">2010/10324</subfield>
    <subfield code="b">&#x645;&#x635;&#x631; . &#x62F;&#x627;&#x631; &#x627;&#x644;&#x643;&#x62A;&#x628; &#x627;&#x644;&#x645;&#x635;&#x631;&#x64A;&#x629;</subfield>
  </datafield>
  <datafield tag="020" ind1=" " ind2=" ">
    <subfield code="a">9771442406</subfield>
  </datafield>
  <datafield tag="040" ind1=" " ind2=" ">
    <subfield code="a">EG-CaGPL</subfield>
  </datafield>
  <datafield tag="041" ind1="0" ind2=" ">
    <subfield code="a">ara</subfield>
  </datafield>
  <datafield tag="082" ind1="0" ind2="1">
    <subfield code="2">21</subfield>
    <subfield code="a">923.2</subfield>
    <subfield code="b">&#x642;/&#x639; &#x631;</subfield>
  </datafield>
  <datafield tag="100" ind1="0" ind2=" ">
    <subfield code="a">&#x639;&#x628;&#x62F;&#x627;&#x644;&#x631;&#x621;&#x648;&#x641; &#x627;&#x644;&#x631;&#x64A;&#x62F;&#x649;</subfield>
  </datafield>
  <datafield tag="245" ind1="1" ind2="0">
    <subfield code="a">&#x631;&#x62D;&#x644;&#x629; &#x627;&#x644;&#x639;&#x645;&#x631; :</subfield>
    <subfield code="b">&#x645;&#x635;&#x631; &#x648; &#x627;&#x645;&#x631;&#x64A;&#x643;&#x627; : &#x645;&#x639;&#x627;&#x631;&#x643; &#x627;&#x644;&#x62D;&#x631;&#x628; &#x648; &#x627;&#x644;&#x633;&#x644;&#x627;&#x645; /</subfield>
    <subfield code="c">&#x639;&#x628;&#x62F;&#x627;&#x644;&#x631;&#x621;&#x648;&#x641; &#x627;&#x644;&#x631;&#x64A;&#x62F;&#x649;</subfield>
  </datafield>
  <datafield tag="250" ind1=" " ind2=" ">
    <subfield code="a">&#x637;1</subfield>
  </datafield>
  <datafield tag="260" ind1=" " ind2=" ">
    <subfield code="a">&#x627;&#x644;&#x642;&#x627;&#x647;&#x631;&#x629; :</subfield>
    <subfield code="b">&#x646;&#x647;&#x636;&#x629; &#x645;&#x635;&#x631; &#x644;&#x644;&#x637;&#x628;&#x627;&#x639;&#x629; &#x648;&#x627;&#x644;&#x646;&#x634;&#x631; &#x648; &#x627;&#x644;&#x62A;&#x648;&#x632;&#x64A;&#x639; &#x60C;</subfield>
    <subfield code="c">2011</subfield>
  </datafield>
  <datafield tag="300" ind1=" " ind2=" ">
    <subfield code="a">565 &#x635; : </subfield>
    <subfield code="b">&#x635;&#x648;&#x631; &#x61B;</subfield>
    <subfield code="c">24 &#x633;&#x645;</subfield>
  </datafield>
  <datafield tag="600" ind1="0" ind2=" ">
    <subfield code="a">&#x639;&#x628;&#x62F;&#x627;&#x644;&#x631;&#x621;&#x648;&#x641; &#x627;&#x644;&#x631;&#x64A;&#x62F;&#x649;</subfield>
    <subfield code="x">&#x635;&#x648;&#x631;</subfield>
  </datafield>
  <datafield tag="600" ind1="0" ind2=" ">
    <subfield code="a">&#x628;&#x637;&#x631;&#x633; &#x63A;&#x627;&#x644;&#x649;</subfield>
  </datafield>
  <datafield tag="600" ind1="0" ind2=" ">
    <subfield code="a">&#x62C;&#x648;&#x631;&#x62C; &#x628;&#x648;&#x634; &#x627;&#x644;&#x627;&#x628;</subfield>
  </datafield>
  <datafield tag="600" ind1="0" ind2=" ">
    <subfield code="a">&#x639;&#x628;&#x62F;&#x627;&#x644;&#x631;&#x621;&#x648;&#x641; &#x627;&#x644;&#x631;&#x64A;&#x62F;&#x649;</subfield>
    <subfield code="x">&#x62A;&#x631;&#x627;&#x62C;&#x645;</subfield>
  </datafield>
  <datafield tag="650" ind1="0" ind2="4">
    <subfield code="a">&#x645;&#x639;&#x627;&#x647;&#x62F;&#x629; &#x645;&#x62F;&#x631;&#x64A;&#x62F;</subfield>
  </datafield>
  <datafield tag="942" ind1=" " ind2=" ">
    <subfield code="2">ddc</subfield>
    <subfield code="c">BK</subfield>
  </datafield>
  <datafield tag="999" ind1=" " ind2=" ">
    <subfield code="c">60966</subfield>
    <subfield code="d">60966</subfield>
  </datafield>
  <datafield tag="952" ind1=" " ind2=" ">
    <subfield code="0">0</subfield>
    <subfield code="1">0</subfield>
    <subfield code="4">0</subfield>
    <subfield code="7">0</subfield>
    <subfield code="a">CAI</subfield>
    <subfield code="b">CAI</subfield>
    <subfield code="d">2015-04-14</subfield>
    <subfield code="l">0</subfield>
    <subfield code="o">923.2 &#x642;/&#x639; &#x631;</subfield>
    <subfield code="p">160161</subfield>
    <subfield code="r">2015-04-14 00:00:00</subfield>
    <subfield code="w">2015-04-14</subfield>
    <subfield code="y">BK</subfield>
  </datafield>
</record>
